Elements of Zoology (Record no. 8442)

000 -LEADER
fixed length control field 00230nam a22001097a 4500
040 ## - CATALOGING SOURCE
Transcribing agency HS
082 ## - DEWEY DECIMAL CLASSIFICATION NUMBER
Classification number 591
100 ## - MAIN ENTRY--AUTHOR NAME
Personal name TRACY I. STORER
245 ## - TITLE STATEMENT
Title Elements of Zoology
260 ## - PUBLICATION, DISTRIBUTION, ETC. (IMPRINT)
Place of publication California
Name of publisher TRACY I. STORER
Year of publication 1995
942 ## - ADDED ENTRY ELEMENTS (KOHA)
Koha item type សៀវភៅភាសាអង់គ្លេស
952 ## - LOCATION AND ITEM INFORMATION (KOHA)
Withdrawn status [LOCAL, KOHA] 0
952 ## - LOCATION AND ITEM INFORMATION (KOHA)
Withdrawn status [LOCAL, KOHA] 0
952 ## - LOCATION AND ITEM INFORMATION (KOHA)
Withdrawn status [LOCAL, KOHA] 0
952 ## - LOCATION AND ITEM INFORMATION (KOHA)
Withdrawn status [LOCAL, KOHA] 0
952 ## - LOCATION AND ITEM INFORMATION (KOHA)
Withdrawn status [LOCAL, KOHA] 0
952 ## - LOCATION AND ITEM INFORMATION (KOHA)
Withdrawn status [LOCAL, KOHA] 0
952 ## - LOCATION AND ITEM INFORMATION (KOHA)
Withdrawn status [LOCAL, KOHA] 0
952 ## - LOCATION AND ITEM INFORMATION (KOHA)
Withdrawn status [LOCAL, KOHA] 0
952 ## - LOCATION AND ITEM INFORMATION (KOHA)
Withdrawn status [LOCAL, KOHA] 0
952 ## - LOCATION AND ITEM INFORMATION (KOHA)
Withdrawn status [LOCAL, KOHA] 0
952 ## - LOCATION AND ITEM INFORMATION (KOHA)
Withdrawn status [LOCAL, KOHA] 0
Holdings
Permanent Location Date acquired Koha item type Lost status Shelving location Barcode Current Location Full call number
Library Block B2016-08-01សៀវភៅភាសាអង់គ្លេស C164RUA037287Library Block B591 TRA 1955 C164
Library Block B2016-08-01សៀវភៅភាសាអង់គ្លេស C164 RUA036564Library Block B591 TRA 1955 C164
Library Block B2016-08-01សៀវភៅភាសាអង់គ្លេស C164RUA034875Library Block B591 TRA 1955 C164
Library Block B2016-08-01សៀវភៅភាសាអង់គ្លេស C164RUA035025Library Block B591 TRA 1955 C164
Library Block B2016-08-01សៀវភៅភាសាអង់គ្លេស C164RUA036360Library Block B591 TRA 1955 C164
Library Block B2016-08-01សៀវភៅភាសាអង់គ្លេស C164RUA036565Library Block B591 TRA 1955 C164
Library Block B2016-08-01សៀវភៅភាសាអង់គ្លេស C164RUA034995Library Block B591 TRA 1955 C164
Library Block B2016-08-01សៀវភៅភាសាអង់គ្លេស C164RUA036479Library Block B591 TRA 1955 C164
Library Block B2016-08-01សៀវភៅភាសាអង់គ្លេស C164RUA036433Library Block B591 TRA 1955 C164
Library Block B2016-08-01សៀវភៅភាសាអង់គ្លេស C164RUA037445Library Block B591 TRA 1955 C164
Library Block C2016-09-14សៀវភៅភាសាអង់គ្លេស C169RUA036503Library Block C591 TRA 1998 C169
មជ្ឈមណ្ឌលឯការនៃសាកលវិទ្យាល័យភូមិន្ទកសិកម្មចំការដូង

Powered by Koha